[Event "Wroclaw"]
[Site "?"]
[Date "2020.08.25"]
[Round "2.11"]
[White "Bojczewski, Mateusz"]
[Black "Golenia, Wojciech"]
[Result "1-0"]
[BlackElo "1988"]
[WhiteElo "1706"]
[LiveChessVersion "1.4.8"]

1. e4 {[%clk 0:15:17]} d6 {[%clk 0:15:07]} 2. d4 {[%clk 0:15:22]} Nf6
{[%clk 0:15:13]} 3. Nc3 {[%clk 0:15:26]} e5 {[%clk 0:15:19]} 4. Nf3
{[%clk 0:14:46]} Nbd7 {[%clk 0:15:27]} 5. Bc4 {[%clk 0:14:32]} Be7
{[%clk 0:15:35]} 6. O-O {[%clk 0:14:29]} O-O {[%clk 0:15:40]} 7. Re1
{[%clk 0:14:21]} c6 {[%clk 0:15:42]} 8. dxe5 {[%clk 0:14:16]} dxe5
{[%clk 0:15:15]} 9. Bg5 {[%clk 0:14:02]} Qc7 {[%clk 0:12:22]} 10. a3
{[%clk 0:13:53]} b5 {[%clk 0:11:24]} 11. Bb3 {[%clk 0:13:58]} Nc5
{[%clk 0:11:30]} 12. Ba2 {[%clk 0:13:45]} Be6 {[%clk 0:10:09]} 13. Bxe6
{[%clk 0:13:31]} Nxe6 {[%clk 0:10:09]} 14. Bh4 {[%clk 0:13:40]} Rad8
{[%clk 0:09:09]} 15. Qe2 {[%clk 0:13:39]} Nf4 {[%clk 0:09:09]} 16. Qf1
{[%clk 0:13:43]} N6h5 {[%clk 0:06:27]} 17. Bxe7 {[%clk 0:13:34]} Qxe7
{[%clk 0:06:35]} 18. Red1 {[%clk 0:13:31]} Rde8 {[%clk 0:04:12]} 19. g3
{[%clk 0:13:22]} Qe6 {[%clk 0:03:56]} 20. gxf4 {[%clk 0:13:09]} Nxf4
{[%clk 0:03:56]} 21. Kh1 {[%clk 0:13:05]} Qg4 {[%clk 0:03:28]} 22. Ne1
{[%clk 0:12:49]} Re6 {[%clk 0:03:10]} 23. f3 {[%clk 0:12:31]} Qh5
{[%clk 0:02:54]} 24. Rd2 {[%clk 0:12:30]} Rh6 {[%clk 0:01:39]} 25. Nd3
{[%clk 0:12:35]} Re8 {[%clk 0:00:30]} 26. Nxf4 {[%clk 0:12:40]} exf4
{[%clk 0:00:39]} 27. Rad1 {[%clk 0:12:29]} g5 {[%clk 0:00:41]} 28. Qg2
{[%clk 0:12:34]} Qh4 {[%clk 0:00:14]} 29. Qg4 {[%clk 0:11:32]} Qxg4
{[%clk 0:00:23]} 30. fxg4 {[%clk 0:11:41]} a5 {[%clk 0:00:32]} 31. Rd8
{[%clk 0:11:42]} Rxd8 {[%clk 0:00:32]} 32. Rxd8+ Kg7 33. Kg2 {[%clk 0:11:59]} Re6
{[%clk 0:00:45]} 34. b4 {[%clk 0:11:53]} c5 {[%clk 0:00:34]} 35. Rd5
{[%clk 0:11:44]} cxb4 {[%clk 0:00:30]} 36. Rxg5+ {[%clk 0:11:49]} Kh6
{[%clk 0:00:25]} 37. Rh5+ {[%clk 0:11:57]} Kg6 {[%clk 0:00:31]} 38. axb4
{[%clk 0:11:54]} axb4 {[%clk 0:00:12]} 39. Ne2 {[%clk 0:10:09]} Rxe4
{[%clk 0:00:18]} 40. Kf3 {[%clk 0:10:19]} Re3+ {[%clk 0:00:19]} 41. Kf2
{[%clk 0:10:27]} Re4 {[%clk 0:00:15]} 42. Rxb5 {[%clk 0:10:31]} Rc4
{[%clk 0:00:20]} 43. Kf3 {[%clk 0:10:28]} Kg7 {[%clk 0:00:23]} 44. h3
{[%clk 0:10:17]} Kf8 {[%clk 0:00:21]} 45. Nxf4 {[%clk 0:09:50]} Rc3+
{[%clk 0:00:30]} 46. Ke4 {[%clk 0:09:55]} Rc4+ {[%clk 0:00:34]} 47. Kf5
{[%clk 0:10:01]} Rxc2 {[%clk 0:00:42]} 48. Rxb4 {[%clk 0:10:07]} Rc5+
{[%clk 0:00:51]} 49. Ke4 {[%clk 0:10:16]} Kg7 {[%clk 0:00:52]} 50. Rd4
{[%clk 0:09:56]} Ra5 {[%clk 0:00:52]} 51. Rd5 {[%clk 0:10:02]} Ra3
{[%clk 0:00:48]} 52. Kf5 {[%clk 0:10:09]} Rf3 {[%clk 0:00:55]} 53. Rd6
{[%clk 0:09:57]} Rf1 {[%clk 0:00:35]} 54. Kg5 {[%clk 0:09:58]} Kf8
{[%clk 0:00:18]} 55. Nh5 {[%clk 0:09:55]} Rf3 {[%clk 0:00:17]} 56. h4
{[%clk 0:09:57]} Re3 {[%clk 0:00:12]} 57. Rh6 {[%clk 0:09:58]} Kg8
{[%clk 0:00:11]} 58. Nf6+ {[%clk 0:09:56]} Kf8 {[%clk 0:00:20]} 59. Rxh7
{[%clk 0:09:54]} Re5+ {[%clk 0:00:30]} 60. Kf4 Re6 61. Ne4 {[%clk 0:10:05]} Kg8
{[%clk 0:00:36]} 62. Rxf7 {[%clk 0:10:05]} Rh6 {[%clk 0:00:24]} 63. Ra7
{[%clk 0:09:57]} Rxh4 {[%clk 0:00:32]} 64. Kg5 {[%clk 0:10:03]} Rh1
{[%clk 0:00:38]} 65. Kg6 {[%clk 0:10:11]} Kf8 {[%clk 0:00:44]} 66. Rf7+
{[%clk 0:10:09]} Ke8 {[%clk 0:00:50]} 67. Rf4 {[%clk 0:10:08]} Ke7
{[%clk 0:00:54]} 68. g5 {[%clk 0:10:14]} Ke6 {[%clk 0:01:02]} 69. Ng3
{[%clk 0:10:02]} Rg1 {[%clk 0:01:03]} 70. Rf3 {[%clk 0:10:11]} Ke7
{[%clk 0:01:03]} 71. Kg7 {[%clk 0:10:19]} Ra1 {[%clk 0:01:11]} 72. g6
{[%clk 0:10:27]} Ra2 {[%clk 0:01:14]} 73. Kg8 {[%clk 0:10:25]} Rh2
{[%clk 0:01:21]} 74. g7 {[%clk 0:10:30]} Ke8 {[%clk 0:01:29]} 75. Re3+
{[%clk 0:10:38]} Kd7 {[%clk 0:01:38]} 76. Nf5 {[%clk 0:10:39]} Rf2
{[%clk 0:01:45]} 77. Re5 {[%clk 0:10:43]} 1-0

[Event "Wroclaw"]
[Site "?"]
[Date "2020.08.25"]
[Round "3.1"]
[White "Teclaf, Pawel"]
[Black "Pacan-Milej, Kosma"]
[Result "1-0"]
[BlackElo "2118"]
[WhiteElo "2382"]
[LiveChessVersion "1.4.8"]

1. Nf3 {[%clk 0:15:18]} Nf6 {[%clk 0:15:18]} 2. g3 {[%clk 0:15:27]} d5
{[%clk 0:15:25]} 3. Bg2 {[%clk 0:15:34]} c6 {[%clk 0:15:33]} 4. d3
{[%clk 0:15:35]} Bg4 {[%clk 0:15:33]} 5. e3 {[%clk 0:15:43]} Nbd7
{[%clk 0:15:41]} 6. b3 {[%clk 0:15:51]} e6 {[%clk 0:15:48]} 7. Bb2
{[%clk 0:15:53]} Be7 8. Nbd2 Bd6 {[%clk 0:15:47]} 9. O-O {[%clk 0:16:00]} Qe7
{[%clk 0:15:46]} 10. a3 {[%clk 0:16:01]} O-O {[%clk 0:15:42]} 11. Qe1
{[%clk 0:16:09]} e5 {[%clk 0:14:58]} 12. e4 dxe4 {[%clk 0:14:58]} 13. dxe4
{[%clk 0:16:17]} b5 {[%clk 0:12:25]} 14. Nh4 {[%clk 0:16:22]} Rfe8
{[%clk 0:11:32]} 15. f4 {[%clk 0:16:09]} Nc5 {[%clk 0:07:03]} 16. h3 Bd7
{[%clk 0:06:59]} 17. Ndf3 {[%clk 0:13:32]} Nfxe4 {[%clk 0:04:09]} 18. Nxe5
{[%clk 0:12:35]} f6 {[%clk 0:04:18]} 19. Nxd7 {[%clk 0:11:48]} Qxd7
{[%clk 0:04:26]} 20. Rd1 {[%clk 0:11:57]} Qe6 {[%clk 0:02:58]} 21. b4
{[%clk 0:10:28]} Na4 {[%clk 0:01:42]} 22. Qxe4 {[%clk 0:09:11]} Qxe4
{[%clk 0:01:46]} 23. Bxe4 {[%clk 0:09:20]} Rxe4 {[%clk 0:01:52]} 24. Bxf6
{[%clk 0:09:28]} Bf8 {[%clk 0:00:41]} 25. Ba1 {[%clk 0:08:16]} Nb6
{[%clk 0:00:46]} 26. Nf5 {[%clk 0:08:22]} Nd5 {[%clk 0:00:42]} 27. Rd4
{[%clk 0:07:24]} Re2 {[%clk 0:00:34]} 28. c4 {[%clk 0:07:29]} bxc4
{[%clk 0:00:29]} 29. Rxc4 {[%clk 0:07:38]} Rae8 {[%clk 0:00:35]} 30. Rxc6
{[%clk 0:07:16]} Rd2 {[%clk 0:00:28]} 31. Be5 {[%clk 0:07:24]} g6
{[%clk 0:00:21]} 32. Nd6 {[%clk 0:07:31]} Re6 {[%clk 0:00:18]} 33. Ne4
{[%clk 0:07:28]} Rxc6 {[%clk 0:00:15]} 34. Nxd2 {[%clk 0:07:37]} Rc2
{[%clk 0:00:22]} 35. Ne4 {[%clk 0:07:22]} Ne3 {[%clk 0:00:30]} 36. Re1
{[%clk 0:06:44]} Nf5 {[%clk 0:00:39]} 37. Rd1 {[%clk 0:06:34]} Re2
{[%clk 0:00:24]} 38. Nf6+ {[%clk 0:06:42]} Kf7 {[%clk 0:00:30]} 39. Rd3
{[%clk 0:06:09]} a5 {[%clk 0:00:29]} 40. Kf1 {[%clk 0:05:48]} Ra2
{[%clk 0:00:33]} 41. Nxh7 {[%clk 0:05:51]} Be7 {[%clk 0:00:19]} 42. bxa5
{[%clk 0:05:55]} Bc5 {[%clk 0:00:20]} 43. Ng5+ {[%clk 0:05:38]} Ke7
{[%clk 0:00:28]} 44. Ne4 {[%clk 0:05:47]} Bxa3 {[%clk 0:00:15]} 45. g4
{[%clk 0:05:51]} 1-0

[Event "Wroclaw"]
[Site "?"]
[Date "2020.08.25"]
[Round "3.2"]
[White "Golenia, Jan"]
[Black "Godzwon, Iwo"]
[Result "1/2-1/2"]
[BlackElo "2278"]
[WhiteElo "2033"]
[LiveChessVersion "1.4.8"]

1. c4 {[%clk 0:15:17]} c5 {[%clk 0:15:14]} 2. Nc3 {[%clk 0:15:26]} g6
{[%clk 0:15:17]} 3. g3 {[%clk 0:15:34]} Bg7 {[%clk 0:15:26]} 4. Bg2
{[%clk 0:15:43]} Nc6 {[%clk 0:15:35]} 5. Nf3 {[%clk 0:15:52]} e5 {[%clk 0:15:11]}
6. d3 {[%clk 0:15:48]} Nge7 {[%clk 0:15:20]} 7. O-O {[%clk 0:15:40]} O-O
{[%clk 0:15:27]} 8. Ne1 {[%clk 0:15:04]} d6 {[%clk 0:15:08]} 9. Nc2
{[%clk 0:14:53]} Be6 {[%clk 0:15:17]} 10. Ne3 {[%clk 0:14:44]} f5
{[%clk 0:15:23]} 11. Ned5 {[%clk 0:14:37]} h6 {[%clk 0:15:11]} 12. Rb1
{[%clk 0:14:14]} g5 {[%clk 0:14:02]} 13. b4 {[%clk 0:13:27]} cxb4
{[%clk 0:13:20]} 14. Nxb4 {[%clk 0:13:35]} Qd7 {[%clk 0:13:07]} 15. Nbd5
{[%clk 0:12:26]} f4 {[%clk 0:13:12]} 16. Ba3 {[%clk 0:12:08]} Rab8
{[%clk 0:09:06]} 17. Qa4 {[%clk 0:09:53]} Nf5 {[%clk 0:08:56]} 18. Nb4
{[%clk 0:04:07]} Rbc8 {[%clk 0:08:12]} 19. Nxc6 {[%clk 0:03:47]} bxc6
{[%clk 0:08:21]} 20. Qa6 {[%clk 0:03:53]} Rf7 {[%clk 0:08:15]} 21. Ne4
{[%clk 0:03:39]} Bf8 {[%clk 0:08:07]} 22. Rb2 {[%clk 0:03:31]} Nd4
{[%clk 0:07:29]} 23. Rfb1 {[%clk 0:03:20]} Bh3 {[%clk 0:07:22]} 24. Bxd6
{[%clk 0:01:21]} Bxd6 {[%clk 0:04:53]} 25. Nxd6 {[%clk 0:00:45]} Qxd6
{[%clk 0:05:02]} 26. Bxh3 {[%clk 0:00:54]} Rcf8 {[%clk 0:05:12]} 27. Rf1
{[%clk 0:00:21]} f3 {[%clk 0:03:03]} 28. exf3 {[%clk 0:00:28]} Rxf3
{[%clk 0:02:43]} 29. Qxa7 {[%clk 0:00:20]} R3f7 {[%clk 0:02:13]} 30. Rb7
{[%clk 0:00:28]} Nf3+ {[%clk 0:02:22]} 31. Kh1 {[%clk 0:00:34]} Qxd3
{[%clk 0:02:31]} 32. Rxf7 {[%clk 0:00:33]} Rxf7 {[%clk 0:02:40]} 33. Qa8+
{[%clk 0:00:17]} Kg7 {[%clk 0:02:48]} 34. Qxc6 {[%clk 0:00:24]} Nd2
{[%clk 0:00:36]} 35. Re1 {[%clk 0:00:32]} Nf3 {[%clk 0:00:28]} 36. Rf1
{[%clk 0:00:30]} Nd2 {[%clk 0:00:34]} 37. Re1 {[%clk 0:00:34]} Nf3
{[%clk 0:00:34]} 38. Rf1 {[%clk 0:00:18]} e4 {[%clk 0:00:14]} 39. Qd5
{[%clk 0:00:14]} Nd2 {[%clk 0:00:13]} 40. Qe5+ {[%clk 0:00:17]} Rf6
{[%clk 0:00:12]} 41. Qe7+ {[%clk 0:00:24]} Rf7 {[%clk 0:00:22]} 42. Qe5+
{[%clk 0:00:28]} Kh7 {[%clk 0:00:24]} 43. Bf5+ {[%clk 0:00:33]} Kg8
{[%clk 0:00:33]} 44. Qe8+ {[%clk 0:00:37]} Kg7 {[%clk 0:00:42]} 45. Qe5+
{[%clk 0:00:34]} Kg8 {[%clk 0:00:32]} 46. Qe8+ {[%clk 0:00:27]} Kg7
{[%clk 0:00:41]} 47. Qe5+ {[%clk 0:00:25]} Kg8 {[%clk 0:00:49]} 1/2-1/2

[Event "Wroclaw"]
[Site "?"]
[Date "2020.08.25"]
[Round "3.3"]
[White "Kozak, Antoni"]
[Black "Pytel, Maciej"]
[Result "1-0"]
[BlackElo "1862"]
[WhiteElo "2270"]
[LiveChessVersion "1.4.8"]

1. c4 {[%clk 0:15:11]} e5 {[%clk 0:15:14]} 2. Nc3 {[%clk 0:15:08]} Nc6
{[%clk 0:15:23]} 3. Nf3 {[%clk 0:15:16]} d6 {[%clk 0:15:30]} 4. g3
{[%clk 0:15:15]} Be6 {[%clk 0:15:38]} 5. d3 {[%clk 0:15:08]} Qd7 {[%clk 0:15:46]}
6. Rb1 {[%clk 0:15:10]} g6 {[%clk 0:15:34]} 7. b4 {[%clk 0:15:07]} Bg7
{[%clk 0:15:40]} 8. b5 {[%clk 0:15:08]} Nd4 {[%clk 0:15:31]} 9. Bg2
{[%clk 0:15:15]} Bh3 {[%clk 0:15:32]} 10. O-O {[%clk 0:15:04]} Nxf3+
{[%clk 0:14:55]} 11. Bxf3 {[%clk 0:15:03]} Bxf1 {[%clk 0:13:31]} 12. Bxb7
{[%clk 0:15:03]} Qd8 {[%clk 0:12:20]} 13. Bxa8 {[%clk 0:15:02]} Qxa8
{[%clk 0:12:10]} 14. Qxf1 {[%clk 0:15:10]} Ne7 {[%clk 0:12:19]} 15. Qg2
{[%clk 0:15:09]} Qxg2+ {[%clk 0:12:15]} 16. Kxg2 {[%clk 0:15:18]} Kd7
{[%clk 0:12:24]} 17. Bg5 {[%clk 0:14:58]} f6 {[%clk 0:12:19]} 18. Be3
{[%clk 0:15:07]} Ra8 {[%clk 0:12:22]} 19. a4 {[%clk 0:15:15]} a6 {[%clk 0:10:54]}
20. b6 {[%clk 0:15:02]} c5 {[%clk 0:10:56]} 21. Nd5 {[%clk 0:14:44]} Nxd5
{[%clk 0:09:55]} 22. cxd5 {[%clk 0:14:52]} Rb8 {[%clk 0:09:59]} 23. a5
{[%clk 0:15:00]} Kc8 {[%clk 0:10:02]} 24. Bd2 {[%clk 0:14:53]} Kb7
{[%clk 0:09:57]} 25. f4 {[%clk 0:15:02]} Bh6 {[%clk 0:09:38]} 26. Kf3
{[%clk 0:15:01]} Re8 {[%clk 0:09:36]} 27. Bc3 {[%clk 0:15:00]} Bg7
{[%clk 0:08:49]} 28. fxe5 {[%clk 0:14:42]} fxe5 {[%clk 0:08:37]} 29. Kg2
{[%clk 0:14:37]} Rf8 {[%clk 0:08:38]} 30. Bd2 {[%clk 0:14:43]} Rf7
{[%clk 0:08:04]} 31. g4 {[%clk 0:14:43]} Kc8 {[%clk 0:06:48]} 32. h4
{[%clk 0:14:48]} Bf8 {[%clk 0:06:43]} 33. Rh1 {[%clk 0:14:45]} Be7
{[%clk 0:03:03]} 34. h5 {[%clk 0:14:51]} gxh5 {[%clk 0:02:35]} 35. Rxh5
{[%clk 0:15:00]} Rg7 {[%clk 0:02:41]} 36. Kf3 {[%clk 0:15:00]} Kd7
{[%clk 0:02:44]} 37. Rf5 {[%clk 0:15:04]} Kc8 {[%clk 0:02:37]} 38. Bh6
{[%clk 0:15:12]} Rg6 {[%clk 0:02:35]} 39. Bf8 {[%clk 0:15:20]} Bg5
{[%clk 0:02:30]} 40. Bxd6 {[%clk 0:14:54]} Rxd6 {[%clk 0:02:35]} 41. Rxg5
{[%clk 0:15:02]} Rxd5 {[%clk 0:02:43]} 42. Rg8+ {[%clk 0:15:08]} Kb7
{[%clk 0:02:52]} 43. Rg7+ {[%clk 0:15:17]} Kc6 {[%clk 0:03:01]} 44. Rc7+
{[%clk 0:15:22]} 1-0

[Event "Wroclaw"]
[Site "?"]
[Date "2020.08.25"]
[Round "3.4"]
[White "Derylo, Kamil"]
[Black "Szpar, Milosz"]
[Result "0-1"]
[BlackElo "2262"]
[WhiteElo "1795"]
[LiveChessVersion "1.4.8"]

1. d4 Nf6 2. c4 e6 3. Nf3 c5 4. d5 b5 5. dxe6 fxe6 6. cxb5 a6 7. e3 d5 8. Nbd2 c4
9. Nxc4 dxc4 10. Qxd8+ Kxd8 11. Bxc4 Bb4+ 12. Ke2 axb5 13. Bxb5 Ke7 14. Ne5 Bb7
15. f3 Ra5 16. a4 Rc8 17. e4 Rc2+ 18. Kd3 Rxg2 19. Nc4 Nbd7 20. Nxa5 Ne5+ 21. Kd4
Nxf3+ 22. Kc4 Bxa5 23. b4 Bb6 24. a5 Ba7 25. Rd1 Bxe4 26. Ba4 Nd5 27. Rf1 Rxh2
28. b5 Ne5+ 29. Kb3 Bc2+ 0-1

[Event "Wroclaw"]
[Site "?"]
[Date "2020.08.25"]
[Round "3.5"]
[White "Mis, Mieszko"]
[Black "Bojczewski, Mateusz"]
[Result "1/2-1/2"]
[BlackElo "1706"]
[WhiteElo "2258"]
[LiveChessVersion "1.4.8"]

1. d4 Nf6 2. c4 e6 3. Nf3 d5 4. Nc3 c6 5. cxd5 exd5 6. Qc2 Bd6 7. Bg5 Bg4 8. Ne5
Bh5 9. e3 Bg6 10. Nxg6 hxg6 11. Bd3 Nbd7 12. O-O-O Qc7 13. Kb1 O-O-O 14. Rc1 Kb8
15. Qb3 Qa5 16. h4 Rde8 17. Rhe1 Nh7 18. e4 Nxg5 19. hxg5 Bf4 20. exd5 cxd5 21.
Rxe8+ Rxe8 22. Rd1 Nb6 23. Bb5 Re6 24. Nxd5 Nxd5 25. Qxd5 Re1 26. Rxe1 Qxe1+ 27.
Kc2 Qxf2+ 28. Kb3 Qe3+ 29. Kc2 Qe7 30. Bc4 Bxg5 31. Qxf7 Qxf7 32. Bxf7 Bf6 33.
Kd3 g5 34. g4 Kc7 35. Bd5 b6 36. Kc4 Kd6 37. Be4 a6 38. b4 a5 39. bxa5 bxa5 40.
a4 Bd8 41. Kb5 Bc7 42. Ka6 Bd8 43. Kb7 Bf6 44. Kb6 Bd8+ 45. Kb7 Bf6 46. Kb6
1/2-1/2

[Event "Wroclaw"]
[Site "?"]
[Date "2020.08.25"]
[Round "3.6"]
[White "Warchol, Bartosz"]
[Black "Nowak, Mikolaj"]
[Result "1/2-1/2"]
[BlackElo "2200"]
[WhiteElo "1704"]
[LiveChessVersion "1.4.8"]

1. d4 {[%clk 0:15:16]} d6 {[%clk 0:15:18]} 2. Nf3 {[%clk 0:15:11]} f5
{[%clk 0:15:22]} 3. g3 {[%clk 0:15:02]} Nf6 {[%clk 0:15:30]} 4. Bg2
{[%clk 0:15:11]} g6 {[%clk 0:15:38]} 5. O-O {[%clk 0:15:06]} Bg7 {[%clk 0:15:46]}
6. c4 {[%clk 0:14:51]} O-O {[%clk 0:15:53]} 7. Nc3 {[%clk 0:14:59]} Nc6
{[%clk 0:16:01]} 8. d5 {[%clk 0:12:37]} Na5 {[%clk 0:16:05]} 9. Qd3
{[%clk 0:11:54]} e5 {[%clk 0:16:12]} 10. dxe6 {[%clk 0:11:58]} Bxe6
{[%clk 0:16:20]} 11. b3 {[%clk 0:11:24]} Nc6 {[%clk 0:16:27]} 12. Bb2
{[%clk 0:11:20]} Ne4 {[%clk 0:15:43]} 13. Rab1 {[%clk 0:07:23]} Nxc3
{[%clk 0:11:11]} 14. Bxc3 {[%clk 0:07:29]} Bxc3 {[%clk 0:10:42]} 15. Qxc3
{[%clk 0:07:37]} f4 {[%clk 0:10:41]} 16. Nd4 {[%clk 0:06:07]} Qf6
{[%clk 0:10:09]} 17. Nb5 {[%clk 0:06:06]} Qe7 {[%clk 0:08:46]} 18. Rbd1
{[%clk 0:05:37]} fxg3 {[%clk 0:06:50]} 19. hxg3 {[%clk 0:05:36]} Bf7
{[%clk 0:06:42]} 20. Nd4 {[%clk 0:03:41]} Ne5 {[%clk 0:05:20]} 21. Bxb7
{[%clk 0:02:52]} c5 {[%clk 0:05:24]} 22. Bxa8 {[%clk 0:02:31]} cxd4
{[%clk 0:05:33]} 23. Qxd4 {[%clk 0:02:34]} Rxa8 {[%clk 0:05:40]} 24. Qxd6
{[%clk 0:02:30]} Qg5 {[%clk 0:04:36]} 25. Kg2 {[%clk 0:02:33]} Qf5
{[%clk 0:03:50]} 26. Rd4 {[%clk 0:01:51]} Re8 {[%clk 0:03:03]} 27. Rfd1
{[%clk 0:00:53]} g5 {[%clk 0:02:54]} 28. R1d2 {[%clk 0:00:17]} Ng4
{[%clk 0:02:32]} 29. e4 {[%clk 0:00:17]} Rxe4 {[%clk 0:02:10]} 30. f3
{[%clk 0:00:25]} Rxd4 {[%clk 0:00:32]} 31. Qxd4 {[%clk 0:00:31]} Ne5
{[%clk 0:00:40]} 32. f4 {[%clk 0:00:24]} Ng6 {[%clk 0:00:35]} 33. Qd8+
{[%clk 0:00:16]} Kg7 {[%clk 0:00:45]} 34. fxg5 {[%clk 0:00:16]} Qe4+
{[%clk 0:00:38]} 35. Kh2 {[%clk 0:00:24]} Qe1 {[%clk 0:00:24]} 36. Qf6+
{[%clk 0:00:18]} Kg8 {[%clk 0:00:34]} 37. Rf2 {[%clk 0:00:15]} Ne5
{[%clk 0:00:32]} 38. Qd8+ {[%clk 0:00:20]} Kg7 {[%clk 0:00:35]} 39. Qf6+
{[%clk 0:00:28]} Kg8 {[%clk 0:00:43]} 40. Qd8+ {[%clk 0:00:14]} Kg7
{[%clk 0:00:57]} 41. Qf6+ {[%clk 0:00:22]} Kg8 42. Qd8+ {[%clk 0:00:11]} Kg7
{[%clk 0:01:03]} 43. Qf6+ {[%clk 0:00:11]} Kg8 {[%clk 0:01:12]} 44. Kg2
{[%clk 0:00:19]} Qe4+ {[%clk 0:01:15]} 45. Kg1 {[%clk 0:00:24]} Qe1+
{[%clk 0:01:17]} 46. Kg2 {[%clk 0:00:26]} Qe4+ {[%clk 0:01:13]} 47. Kg1
{[%clk 0:00:17]} Qe1+ {[%clk 0:01:16]} 48. Kg2 {[%clk 0:00:14]} Qe4+
{[%clk 0:01:13]} 49. Kg1 {[%clk 0:00:22]} 1/2-1/2

[Event "Wroclaw"]
[Site "?"]
[Date "2020.08.25"]
[Round "3.7"]
[White "Fus, Jakub"]
[Black "Wierzbicki, Michal"]
[Result "1/2-1/2"]
[BlackElo "1700"]
[WhiteElo "2191"]
[LiveChessVersion "1.4.8"]

1. d4 {[%clk 0:15:19]} Nf6 {[%clk 0:15:19]} 2. c4 {[%clk 0:15:27]} e6
{[%clk 0:15:28]} 3. Nf3 {[%clk 0:15:36]} b6 {[%clk 0:15:37]} 4. a3
{[%clk 0:15:45]} Ba6 5. Qb3 {[%clk 0:15:52]} Bb7 {[%clk 0:15:19]} 6. Nc3
{[%clk 0:15:58]} Be7 {[%clk 0:15:00]} 7. Bg5 {[%clk 0:15:01]} d5 {[%clk 0:14:51]}
8. Qa4+ {[%clk 0:15:07]} Bc6 {[%clk 0:13:32]} 9. Qc2 {[%clk 0:15:11]} Nbd7
{[%clk 0:12:20]} 10. cxd5 {[%clk 0:14:57]} exd5 {[%clk 0:11:42]} 11. e3
{[%clk 0:14:36]} O-O {[%clk 0:11:14]} 12. Nb5 {[%clk 0:13:59]} Bxb5
{[%clk 0:11:21]} 13. Bxb5 {[%clk 0:14:06]} c5 {[%clk 0:11:25]} 14. O-O
{[%clk 0:13:15]} a6 {[%clk 0:10:38]} 15. Bc6 {[%clk 0:10:07]} Rc8
{[%clk 0:07:48]} 16. Bb7 {[%clk 0:10:12]} Rc7 {[%clk 0:07:57]} 17. Bxa6
{[%clk 0:10:21]} cxd4 {[%clk 0:08:06]} 18. Qe2 {[%clk 0:09:56]} dxe3
{[%clk 0:07:58]} 19. Bxe3 {[%clk 0:10:04]} Nc5 {[%clk 0:07:20]} 20. Bb5
{[%clk 0:09:52]} Nfe4 {[%clk 0:04:53]} 21. Rad1 {[%clk 0:07:24]} Qd6
{[%clk 0:04:15]} 22. g3 {[%clk 0:05:58]} Ne6 {[%clk 0:03:46]} 23. Bd3
{[%clk 0:05:25]} f5 {[%clk 0:03:37]} 24. Bd4 {[%clk 0:04:11]} Nxd4
{[%clk 0:02:31]} 25. Nxd4 {[%clk 0:04:19]} Qf6 {[%clk 0:02:40]} 26. Nb5
{[%clk 0:03:15]} Rcc8 {[%clk 0:02:03]} 27. Bb1 {[%clk 0:02:52]} Rfd8
{[%clk 0:01:50]} 28. Ba2 {[%clk 0:02:59]} Rc5 {[%clk 0:00:53]} 29. b4
{[%clk 0:02:16]} Nc3 {[%clk 0:00:49]} 30. Nxc3 {[%clk 0:02:14]} Rxc3
{[%clk 0:00:57]} 31. Rxd5 {[%clk 0:02:09]} Rxd5 {[%clk 0:00:48]} 32. Bxd5+
{[%clk 0:02:17]} Kh8 {[%clk 0:00:33]} 33. Re1 {[%clk 0:02:22]} Rc7
{[%clk 0:00:14]} 34. Qa6 {[%clk 0:01:58]} g6 {[%clk 0:00:13]} 35. Re6
{[%clk 0:01:38]} Qa1+ {[%clk 0:00:21]} 36. Kg2 {[%clk 0:01:47]} Qd4
{[%clk 0:00:14]} 37. Qa8+ {[%clk 0:01:35]} Kg7 {[%clk 0:00:23]} 38. Re2
{[%clk 0:01:18]} Bf8 {[%clk 0:00:23]} 39. Qd8 {[%clk 0:00:54]} Rf7
{[%clk 0:00:12]} 40. Rc2 {[%clk 0:00:30]} Re7 {[%clk 0:00:16]} 41. Rc7
{[%clk 0:00:29]} Rxc7 {[%clk 0:00:14]} 42. Qxc7+ {[%clk 0:00:38]} Kh6
{[%clk 0:00:23]} 43. Bf3 {[%clk 0:00:42]} Qd6 {[%clk 0:00:18]} 44. Qf7
{[%clk 0:00:34]} Qe7 {[%clk 0:00:19]} 45. Qg8 {[%clk 0:00:33]} Qd6
{[%clk 0:00:12]} 46. h4 {[%clk 0:00:37]} Be7 {[%clk 0:00:22]} 47. Qc4
{[%clk 0:00:29]} Kg7 {[%clk 0:00:18]} 48. Qb5 {[%clk 0:00:34]} Qd4
{[%clk 0:00:13]} 49. h5 {[%clk 0:00:30]} Qf6 {[%clk 0:00:12]} 50. hxg6
{[%clk 0:00:31]} hxg6 {[%clk 0:00:20]} 51. Bc6 {[%clk 0:00:38]} Qd4
{[%clk 0:00:14]} 52. Bf3 {[%clk 0:00:40]} Qd6 {[%clk 0:00:14]} 53. Qe8
{[%clk 0:00:40]} Bf8 {[%clk 0:00:14]} 54. Qa8 {[%clk 0:00:38]} g5
{[%clk 0:00:12]} 55. Qb7+ {[%clk 0:00:33]} Be7 {[%clk 0:00:18]} 56. Bc6
{[%clk 0:00:36]} Qd8 {[%clk 0:00:11]} 57. Bd7 {[%clk 0:00:24]} f4
{[%clk 0:00:20]} 58. gxf4 {[%clk 0:00:23]} gxf4 {[%clk 0:00:29]} 59. Qd5
{[%clk 0:00:25]} Qc7 {[%clk 0:00:19]} 60. Be8 {[%clk 0:00:24]} Bf6
{[%clk 0:00:28]} 61. Qf5 {[%clk 0:00:17]} Qe5 {[%clk 0:00:17]} 62. Qg6+ Kh8 63.
Qh6+ {[%clk 0:00:23]} Kg8 {[%clk 0:00:35]} 64. Qg6+ {[%clk 0:00:19]} Kh8
{[%clk 0:00:42]} 65. Kf3 {[%clk 0:00:18]} Qd5+ {[%clk 0:00:38]} 66. Kg4
{[%clk 0:00:24]} Qg2+ {[%clk 0:00:25]} 67. Kf5 {[%clk 0:00:21]} Qxg6+
{[%clk 0:00:19]} 68. Bxg6 {[%clk 0:00:30]} Bb2 {[%clk 0:00:16]} 69. a4
{[%clk 0:00:24]} Bc3 {[%clk 0:00:12]} 70. b5 {[%clk 0:00:19]} Bd4
{[%clk 0:00:12]} 71. f3 {[%clk 0:00:25]} Be3 {[%clk 0:00:19]} 72. Ke6
{[%clk 0:00:30]} Kg7 {[%clk 0:00:28]} 73. Be4 {[%clk 0:00:37]} Bd2
{[%clk 0:00:27]} 74. Ke5 {[%clk 0:00:43]} Kf7 {[%clk 0:00:15]} 75. a5
{[%clk 0:00:36]} Bxa5 {[%clk 0:00:22]} 76. Kxf4 {[%clk 0:00:44]} Kf6
{[%clk 0:00:31]} 1/2-1/2